Computational Geometry for Ships / (Record no. 378)

000 -LEADER
fixed length control field 00570nam a2200181Ia 4500
008 - FIXED-LENGTH DATA ELEMENTS--GENERAL INFORMATION
fixed length control field 190805s9999||||xx |||||||||||||| ||und||
020 ## - INTERNATIONAL STANDARD BOOK NUMBER
International Standard Book Number 9789810233532
Terms of availability
-- 8.00
082 04 - DEWEY DECIMAL CLASSIFICATION NUMBER
Classification number 623.84
Item number N86
245 10 - TITLE STATEMENT
Title Computational Geometry for Ships /
260 ## - PUBLICATION, DISTRIBUTION, ETC. (IMPRINT)
Place of publication, distribution, etc Singapore :
Name of publisher, distributor, etc World Scientific,
Date of publication, distribution, etc 1995
300 ## - PHYSICAL DESCRIPTION
Extent xii, 238 p.
Other physical details : ill.
Dimensions ; 23 cm.
650 #0 - SUBJECT ADDED ENTRY--TOPICAL TERM
Topical term or geographic name as entry element Naval architecture
General subdivision Data processing
700 1# - ADDED ENTRY--PERSONAL NAME
Personal name Bloor, M. I. G.
700 1# - ADDED ENTRY--PERSONAL NAME
Personal name Nowacki, H
700 1# - ADDED ENTRY--PERSONAL NAME
Personal name Oleksiewicz, B
852 ## - LOCATION/CALL NUMBER
Location
942 ## - ADDED ENTRY ELEMENTS (KOHA)
Item type Books
Holdings
Withdrawn status Lost status Damaged status Not for loan Collection code Date acquired Date last seen Koha item type Permanent location Current location Shelving location Source of acquisition Cost, normal purchase price Full call number Barcode Public note
        Engineering 2019-08-05 2019-08-05 Books                
        Engineering 2018-08-11 2019-08-05 Books IMU Kochi Library IMU Kochi Library Reference Apex Book Services 3302.54 623.84 N86 BK005511 Shelf-5, Row-4
        Engineering 2018-08-11 2019-08-05 Books IMU Kochi Library IMU Kochi Library Reference Apex Book Services 3302.54 623.84 N86 BK005510 Shelf-5, Row-4


Copyright © All Rights Reserved by Indian Maritime University, Kochi Campus.
For any Suggestions/Query Contact to library or Email: library.kochi@imu.ac.in Ph:(0484)-2989402
(Web OPAC Designed by Rudra Ranjan. Maintained by IMU Kochi Library)

Powered by Koha